| 000 | 00550nam a22001577a 4500 | ||
|---|---|---|---|
| 003 | macl | ||
| 005 | 20200218122254.0 | ||
| 008 | 200218b xxu||||| |||| 00| 0 eng d | ||
| 040 | _cmacl | ||
| 082 | _a800 | ||
| 100 |
_aसिंह , विजेन्द्र नाराणन _978293 |
||
| 245 | _aआधुनिक कविता का परिदृश्य | ||
| 260 |
_aदिल्ली _bस्वराज प्रकाशन _c2018 |
||
| 650 |
_aकाव्यसमीक्षा _978294 |
||
| 942 |
_2ddc _cHIN |
||
| 999 |
_c62135 _d62135 |
||